000 00466cam a2200133u 4500
082 _a355.00941
_bATI
100 1 _aAtkinson, Christopher Thomas. [from old catalog]
_949277
245 0 0 _aMarlborough and the rise of the British army,
260 _aNew York and London,
_bG. P. Putnam's sons,
_c1921.
300 _axviii p., 1 l.,
_b546 p. front., ports., xvi fold. maps.
_c23 cm.
526 _a0
_b0
_c0
_d355_009410000000000_ATI
650 _aMCE
_9379
942 _2ddc
_cBK
999 _c552116
_d552116